| 000 | 00794nam a2200265 a 4500 | ||
|---|---|---|---|
| 001 | 25685 | ||
| 003 | CO-ViMGA | ||
| 008 | 141112s2004 ck r 000 u spa d | ||
| 020 | _a9789588418179 | ||
| 040 |
_aCO-ViMGA _bspa _cCO-ViMGA |
||
| 041 | _aSPA | ||
| 082 | 0 | 4 | _a070.44 M17g |
| 100 | 1 |
_aMárquez Cristo, Gonzalo, 1963 - _939530 |
|
| 245 | 1 | 0 |
_aGrandes entrevistas de Común Presencia / _cGonzalo Márquez Cristo y Amparo Osorio |
| 250 | _a2a ed. | ||
| 260 |
_aBogotá : _bComún Presencia, _c2013 |
||
| 300 | _a231 p. | ||
| 490 | _aLos conjurados | ||
| 650 | 1 | 4 |
_aENTREVISTAS (PERIODISMO) _919550 |
| 650 | 1 | 4 | _aPERIODISMO - COLOMBIA |
| 650 | 1 | 4 |
_aPERIODISMO DE OPINION _939531 |
| 650 | 1 | 4 |
_aPERSONAJES - ENTREVISTAS _939532 |
| 700 | 1 |
_aOsorio, Amparo _917081 |
|
| 942 |
_2ddc _cBK |
||
| 999 |
_c5253 _d5253 |
||